[Event "Nordic Chess-ch 2019"]
[Site "Sarpsborg"]
[Date "2019.06.23"]
[Round "4.5"]
[White "Holm, Kristian Stuvik"]
[Black "Vestby-Ellingsen, Mads"]
[Result "1-0"]
[WhiteElo "2474"]
[BlackElo "2345"]
[Annotator "TA"]
[PlyCount "93"]
[EventDate "2019.06.21"]
[EventType "swiss"]
[EventCountry "NOR"]
[SourceTitle "playchess.com"]
[Source "ChessBase"]
[SourceQuality "1"]

{[%evp 12,93,35,25,27,31,26,26,26,0,27,25,27,18,32,34,15,13,65,66,65,45,73,45,46,47,65,65,66,66,66,66,65,65,76,65,67,67,91,75,108,101,96,84,107,77,120,120,114,118,120,112,108,118,220,173,200,192,260,258,310,304,308,303,293,227,410,402,441,402,427,428,412,420,421,412,453,456,479,502,512,402,6115,5664]} 1. Nf3 c5 2. e4 Nc6 3. Nc3 e5 4. Bc4 d6 5. d3 Be7 6. Nd2 Nf6 7. Nf1 Nd7 {B30: Sicilian: 2...Nc6 3 Bb5, lines without ...g6} 8. Nd5 Nb6 9. Nxb6 axb6 {White has an edge.} 10. Ne3 O-O 11. O-O Bg5 12. c3 Kh8 13. a3 f5 {[#]} 14. exf5 $146 ({Predecessor:} 14. Nxf5 Bxc1 15. Rxc1 Bxf5 16. exf5 {0-1 (33) Svidler,P (2735)-Carlsen,M (2845) Karlsruhe/Baden Baden 2019}) 14... Bxf5 (14... Bxe3 $11 15. Bxe3 (15. fxe3 d5 $11) 15... d5) 15. Nxf5 $14 Rxf5 16. Be6 Rf8 17. Qb3 (17. Be3 {with more complications.} Bf4 18. g3 Qg5 19. Qe2 Ne7 20. Rae1) 17... Bxc1 18. Raxc1 Rf6 19. Bd5 Qc7 20. g3 Raf8 21. Rce1 Ne7 22. Bg2 Nc6 23. Re2 g6 24. h4 Qd8 25. Qd5 Qc7 26. b4 Ra8 27. Qb3 Rff8 28. Rfe1 Qf7 29. Bd5 Qc7 30. bxc5 bxc5 31. Rb1 Ra7 32. Reb2 Rfa8 (32... Qd7 $16) 33. Qd1 $18 Rf8 34. h5 Nd8 (34... g5 {might work better.} 35. Qg4 Qe7) 35. hxg6 hxg6 36. Qg4 Kg7 37. Kg2 Rh8 38. d4 cxd4 $2 {[#]} (38... exd4 {keeps fighting.} 39. cxd4 Nc6) 39. cxd4 Rh5 40. Be4 ({Weaker is} 40. dxe5 Rxe5 41. Rb5 Qe7 $18) 40... Qf7 {intending ...d5.} 41. Rb6 Qe6 42. Qxe6 Nxe6 43. Rxd6 Nxd4 44. Rxg6+ Kf7 45. Rgb6 Kf8 46. Rxb7 Rxa3 (46... Rxb7 $142 47. Rxb7 Rh6) 47. Bg6 {Accuracy: White = 78%, Black = 34%.} 1-0

[Event "Nordic Chess-ch 2019"]
[Site "Sarpsborg"]
[Date "2019.06.23"]
[Round "4.6"]
[White "Thorn, Eric"]
[Black "Chatalbashev, Boris"]
[Result "0-1"]
[WhiteElo "2230"]
[BlackElo "2527"]
[Annotator "TA"]
[PlyCount "62"]
[EventDate "2019.06.21"]
[EventType "swiss"]
[EventCountry "NOR"]
[SourceTitle "playchess.com"]
[Source "ChessBase"]
[SourceQuality "1"]

{[%evp 27,66,15,15,0,0,0,0,0,0,-48,-46,-31,-52,-46,-43,-56,-58,-54,-45,-53,-47,-99,-91,-95,-43,-96,-95,-136,-126,-325,-323,-581,-358,-339,-296,-363,-341,-342,-340,-339,-256]} 1. d4 Nf6 2. c4 g6 3. Nc3 d5 4. cxd5 Nxd5 5. e4 Nxc3 6. bxc3 Bg7 7. Bc4 c5 8. Ne2 O-O 9. O-O Nc6 10. Be3 Qc7 11. Rc1 Rd8 12. Bf4 Qd7 13. d5 Na5 14. Bd3 b5 15. c4 {D87: Exchange Grünfeld: Classical Line: Variations without ...cxd4} (15. Be3 e6 16. Bxc5 exd5 17. e5 Bxe5 18. Bd4 Nc4 19. Bxc4 Bxd4 20. Bxb5 Bxf2+ 21. Rxf2 Qxb5 22. Nd4 Qd7 {½-½ (45) Vachier Lagrave,M (2721)-Nepomniachtchi,I (2706) Khanty-Mansiysk 2010}) 15... Nxc4 16. Bxc4 bxc4 17. Rxc4 {The position is equal.} Qb5 18. Rc2 Ba6 19. Re1 Qb4 20. Nc1 $146 ({Predecessor:} 20. f3 Rac8 21. Bd2 Qa3 22. Bc1 {½-½ (41) Roos,T (2225)-Schumacher,C (2211) Germany 2015}) 20... c4 21. a3 $1 {[%cal Ra3b4]} Qa5 22. Na2 Qxa3 23. Nc3 e6 $36 {[%mdl 2048] Black has the initiative.} 24. Bg5 {[#]} (24. Qd2 $15) 24... Rd7 $1 $17 25. Qd2 exd5 (25... Bb7 $17 26. h3 exd5 27. exd5 Qa5) 26. exd5 (26. Nxd5 $15 Rc8 27. Qf4) 26... Bb7 27. Qe3 h5 28. Qf3 $2 {[#]} (28. Rcc1 $17) 28... Bxd5 $1 $19 {[%mdl 576] Pin} 29. Bc1 $2 (29. Ne4 Qxf3 30. gxf3) (29. Nxd5 Qxf3) 29... Bxf3 30. Bxa3 Bc6 31. h4 a5 {Played: Rd7-d3} 0-1

[Event "Nordic Chess-ch 2019"]
[Site "Sarpsborg"]
[Date "2019.06.23"]
[Round "4.7"]
[White "Ogaard, Leif"]
[Black "Sahl, Sheila Barth"]
[Result "1/2-1/2"]
[WhiteElo "2385"]
[BlackElo "2127"]
[Annotator "TA"]
[PlyCount "151"]
[EventDate "2019.06.21"]
[EventType "swiss"]
[EventCountry "NOR"]
[SourceTitle "playchess.com"]
[Source "ChessBase"]
[SourceQuality "1"]

{[%evp 12,151,4,0,0,0,0,0,0,-4,-35,-12,-16,-32,-32,-39,-19,-41,9,0,0,0,19,15,89,84,162,162,160,153,152,140,143,141,140,145,147,146,168,141,183,133,159,112,141,104,243,104,175,97,102,43,364,364,350,347,328,142,519,337,434,227,182,91,89,94,111,112,109,91,83,49,49,39,39,39,67,64,68,64,75,64,54,48,62,59,56,53,47,0,58,39,40,27,40,40,40,40,40,40,40,40,45,14,35,8,8,8,40,8,8,8,8,8,8,0,0,0,0,0,0,0,0,0,0,0,0,0,0,0,0,-8,-8,-8,-8,-8,-8,-8,0,0,0,-8]} 1. c4 Nf6 2. Nf3 g6 3. Nc3 d5 4. d4 Bg7 5. Bf4 O-O 6. e3 c5 7. dxc5 {[%cal Rc4d5]} Ne4 {D93: Grünfeld: 4 Nf3 Bg7 5 Bf4 0-0 6 e3} 8. Rc1 Nd7 {[%cal Bb8d7,Bd7c5,Bc5e6][%mdl 32]} 9. cxd5 Qa5 {[%cal Re4c3]} 10. Bc4 Nxc3 11. bxc3 Bxc3+ 12. Ke2 Nxc5 13. Qc2 {[#]} Bg7 $146 ({Predecessor:} 13... Bf6 14. Nd4 Bd7 15. f3 {½-½ (79) Sanchez Jimenez,J (2252)-Vazquez Igarza,R (2581) La Massana 2015}) 14. d6 Ne6 15. Bg3 $36 {[%mdl 2048] White has some pressure.} exd6 16. Bxd6 Rd8 17. Rhd1 Bd7 (17... Nd4+ $11 18. Nxd4 Rxd6) 18. Be7 $16 Rdc8 (18... Ba4 $16 19. Bxd8 Nxd8) 19. Rxd7 $18 b5 20. Qd2 Qxd2+ 21. Nxd2 {And now Bd5 would win.} bxc4 22. Rxc4 Rcb8 23. Rc2 h5 24. Ne4 Rb5 25. Nf6+ Kh8 26. Nd5 a6 27. Bf6 Rab8 28. f4 Ra5 (28... Kg8 $16) 29. Kf3 (29. Rc6 $18 {has better winning chances.}) 29... Kh7 (29... Bxf6 $16 {was necessary.} 30. Nxf6 Kg7) 30. Bxg7 (30. Bh4 $18) 30... Kxg7 $16 31. h3 ({Better is} 31. Ne7 $16) 31... Rb1 $2 {[%mdl 8192] [#]} (31... Nc5 $14 32. Re7 Nd3) 32. Nc7 $1 $18 {[%cal Rc7e6]} Nf8 33. Ne8+ Kg8 34. Re7 (34. Ra7 $18 {and the rest is easy.}) 34... Rf1+ $2 {[%mdl 8192]} (34... Rb6 $16 35. Rd2 Re6 36. Rxe6 Nxe6) 35. Kg3 h4+ 36. Kxh4 (36. Kg4 $142) 36... g5+ {[#]} 37. Kg4 (37. Kh5 $1 $18 {[%cal Rh5h6] aiming for Kh6.} gxf4+ 38. Kh6 fxe3 39. Rxe3) 37... gxf4 $16 38. exf4 Rxf4+ 39. Kxf4 Ng6+ 40. Kg4 Nxe7 {[%mdl 4096] Endgame KRN-KRN} 41. Nf6+ Kg7 42. Nh5+ Kh6 {Strongly threatening ...f5+.} 43. Nf4 f5+ 44. Kg3 Ra3+ 45. Kh2 Ng8 46. Ne6 Nf6 47. Rf2 Kg6 48. Nd4 Ra5 49. Nc6 Rc5 $1 {[%cal Rc5c6]} 50. Nd4 Ra5 $1 51. Rc2 Ra4 52. Nc6 f4 53. Rc4 {[%mdl 64] Decoy} Rxc4 ({Don't go for} 53... Ng4+ $2 54. hxg4 Rxa2 55. Rxf4 $18) 54. Ne5+ {[%mdl 64] Double Attack} Kf5 55. Nxc4 $14 {KN-KN} Ke4 56. Kg1 Kd4 57. Na5 Ne4 58. Kf1 Nc3 59. Kf2 {Black should prevent Kf3.} Ke4 60. a3 Nd1+ {The position is equal.} 61. Ke2 Nc3+ $1 62. Kf1 Nb1 63. Nc4 Kd4 64. h4 {h5 is the strong threat.} Kxc4 $11 {KN-K3P} 65. h5 Nd2+ $1 ({Wrong is} 65... Nxa3 $2 66. h6 $18) 66. Ke2 Ne4 67. Kf3 {[%mdl 64] Double Attack} Nf6 68. h6 Kd5 69. Kxf4 {Hoping for Kf5.} Ke6 70. g4 Nd5+ 71. Kg5 Kf7 72. Kf5 Ne3+ 73. Kf4 Nc4 74. Kf5 Ne3+ 75. Kf4 Nc4 76. Ke4 {Accuracy: White = 38%, Black = 44%.} 1/2-1/2

[Event "Nordic Chess-ch 2019"]
[Site "Sarpsborg"]
[Date "2019.06.23"]
[Round "4.8"]
[White "Dragicevic, Drazen"]
[Black "Rishovd, Svein"]
[Result "1-0"]
[WhiteElo "2359"]
[BlackElo "2113"]
[Annotator "NA"]
[PlyCount "75"]
[EventDate "2019.06.21"]
[EventType "swiss"]
[EventCountry "NOR"]
[SourceTitle "playchess.com"]
[Source "ChessBase"]
[SourceQuality "1"]
[TimeControl "40/5400+30:1800+30"]

1. c4 {[%emt 0:06:53]} e6 {[%emt 0:00:00]} 2. g3 {[%emt 0:00:51]} d5 {[%emt 0:00:21]} 3. Bg2 {[%emt 0:00:12]} Nf6 {[%emt 0:00:11]} 4. Nf3 {[%emt 0:00:17]} dxc4 {[%emt 0:00:20]} 5. Qa4+ {[%emt 0:02:29]} c6 {[%emt 0:00:11]} 6. Qxc4 {[%emt 0:00:17]} b5 {[%emt 0:00:07]} 7. Qc2 {[%emt 0:02:07]} Bb7 {[%emt 0:00:14]} 8. O-O {[%emt 0:05:26]} Nbd7 {[%emt 0:01:14]} 9. a4 {[%emt 0:06:17]} a6 {[%emt 0:02:10]} 10. d3 $11 {[%emt 0:06:00]} Rc8 {[%emt 0:05:54]} 11. b3 {[%emt 0:04:05]} c5 {[%emt 0:05:46]} 12. axb5 {[%emt 0:10:28]} axb5 {[%emt 0:00:23]} 13. Nc3 {[%emt 0:00:55]} Qb6 {[%emt 0:02:29]} 14. Be3 {[%emt 0:03:01]} Be7 {[%emt 0:23:00]} 15. Qa2 {[%emt 0:13:31]} Nd5 {[%emt 0:09:23]} 16. Nxd5 {[%emt 0:02:01]} Bxd5 {[%emt 0:00:51]} 17. Nd2 {[%emt 0:04:35]} Bf6 {[%emt 0:09:14]} 18. Rac1 {[%emt 0:03:55]} Bxg2 {[%emt 0:00:54]} 19. Kxg2 {[%emt 0:00:02]} O-O {[%emt 0:00:37]} 20. Ne4 {[%emt 0:08:09]} Qb7 {[%emt 0:00:35]} 21. f3 {[%emt 0:00:38]} Be7 {[%emt 0:00:40]} 22. Ra1 {[%emt 0:01:02]} Ra8 {[%emt 0:09:17]} 23. Qc2 {[%emt 0:00:09]} Rfc8 {[%emt 0:00:23]} 24. Rfc1 {[%emt 0:02:10]} f5 {[%emt 0:07:47]} 25. Ng5 {[%emt 0:02:04]} Qd5 {[%emt 0:00:49]} 26. Nh3 {[%emt 0:06:12]} e5 {[%emt 0:04:47]} 27. b4 {[%emt 0:02:39]} Rxa1 {[%emt 0:06:07]} 28. Rxa1 {[%emt 0:00:03]} Nb6 {[%emt 0:00:32]} 29. Qb1 {[%emt 0:02:59]} Na4 {[%emt 0:00:58]} 30. bxc5 {[%emt 0:00:22]} Nc3 {[%emt 0:04:23]} 31. Qb2 {[%emt 0:00:12]} b4 {[%emt 0:00:05]} 32. Qxb4 {[%emt 0:01:48]} Nxe2 {[%emt 0:00:07]} 33. Ra7 {[%emt 0:01:20]} Bxc5 {[%emt 0:04:31]} 34. Bxc5 {[%emt 0:00:04]} Qxc5 {[%emt 0:00:08]} 35. Qb7 {[%emt 0:01:08]} Qf8 {[%emt 0:00:22]} 36. Ng5 {[%emt 0:00:45]} Nd4 {[%emt 0:00:12]} 37. Qd5+ {[%emt 0:00:24]} Kh8 {[%emt 0:00:25]} 38. Nf7+ {[%emt 0:00:22]} 1-0

[Event "Nordic Chess-ch 2019"]
[Site "Sarpsborg"]
[Date "2019.06.23"]
[Round "4.9"]
[White "Ernst, Thomas"]
[Black "Sjoberg, Isak"]
[Result "1-0"]
[WhiteElo "2342"]
[BlackElo "2222"]
[Annotator "ChessBase"]
[PlyCount "41"]
[EventDate "2019.06.21"]
[EventType "swiss"]
[EventCountry "NOR"]
[SourceTitle "playchess.com"]
[Source "ChessBase"]
[SourceQuality "1"]
[TimeControl "40/5400+30:1800+30"]

1. d4 {[%emt 0:00:00]} Nf6 {[%emt 0:02:45]} 2. c4 {[%emt 0:00:00]} g6 {[%emt 0:00:04]} 3. Nc3 {[%emt 0:00:00]} Bg7 {[%emt 0:00:23]} 4. e4 {[%emt 0:00:01]} d6 {[%emt 0:00:06]} 5. f3 {[%emt 0:00:22]} O-O {[%emt 0:01:44]} 6. Be3 {[%emt 0:00:08]} c5 {[%emt 0:00:06]} 7. Nge2 {[%emt 0:00:56]} Nc6 {[%emt 0:00:05]} 8. d5 {[%emt 0:00:13]} Ne5 {[%emt 0:05:10]} 9. Ng3 {[%emt 0:00:16]} e6 {[%emt 0:00:04]} 10. Be2 {[%emt 0:02:08]} exd5 {[%emt 0:00:05]} 11. cxd5 {[%emt 0:00:06]} a6 {[%emt 0:00:04]} 12. a4 {[%emt 0:02:02]} h5 {[%emt 0:02:57]} 13. O-O {[%emt 0:01:42]} Bd7 {[%emt 0:04:49]} 14. h3 {[%emt 0:14:41]} h4 {[%emt 0:00:04]} 15. Nh1 {[%emt 0:01:47]} b5 {[%emt 0:04:15]} 16. Bg5 {[%emt 0:01:21]} c4 {[%emt 0:03:34]} 17. Bxh4 {[%emt 0:04:17]} Qb8 {[%emt 0:18:49]} 18. Qd2 {[%emt 0:15:10]} Rc8 {[%emt 0:11:47]} 19. Bf2 {[%emt 0:11:03]} b4 {[%emt 0:06:55]} 20. Nd1 {[%emt 0:00:12]} Kh7 {[%emt 0:02:33]} 21. Bd4 {[%emt 0:02:06]} 1-0

[Event "Nordic Chess-ch 2019"]
[Site "Sarpsborg"]
[Date "2019.06.23"]
[Round "4.10"]
[White "Gonzalez, Francisco Silva"]
[Black "Cederstam Barsk, Carl"]
[Result "1/2-1/2"]
[WhiteElo "2095"]
[BlackElo "2334"]
[Annotator "NA"]
[PlyCount "83"]
[EventDate "2019.06.21"]
[EventType "swiss"]
[EventCountry "NOR"]
[SourceTitle "playchess.com"]
[Source "ChessBase"]
[SourceQuality "1"]
[TimeControl "40/5400+30:1800+30"]

1. d4 {[%emt 0:14:02]} d5 {[%emt 0:00:00]} 2. c4 {[%emt 0:01:07]} e6 {[%emt 0:00:00]} 3. Nc3 {[%emt 0:00:07]} Nf6 {[%emt 0:00:00]} 4. Bg5 {[%emt 0:00:07]} Be7 {[%emt 0:00:00]} 5. e3 {[%emt 0:00:08]} Nbd7 {[%emt 0:00:02]} 6. Nf3 {[%emt 0:00:07]} h6 {[%emt 0:00:06]} 7. Bh4 {[%emt 0:00:12]} O-O {[%emt 0:00:08]} 8. Qc2 {[%emt 0:00:05]} c6 {[%emt 0:02:19]} 9. cxd5 {[%emt 0:01:19]} exd5 {[%emt 0:00:15]} 10. Bd3 {[%emt 0:00:40]} Nh5 {[%emt 0:01:00]} 11. Bxe7 {[%emt 0:01:13]} Qxe7 {[%emt 0:00:01]} 12. O-O {[%emt 0:00:07]} Nhf6 {[%emt 0:00:35]} 13. Rab1 {[%emt 0:00:44]} Nb6 $14 {[%emt 0:08:52]} 14. Rfe1 {[%emt 0:02:47]} Be6 {[%emt 0:04:16]} 15. b4 {[%emt 0:07:08]} a6 {[%emt 0:07:57]} 16. a4 {[%emt 0:02:33]} Rfc8 {[%emt 0:03:24]} 17. h3 {[%emt 0:02:16]} Rc7 {[%emt 0:04:56]} 18. a5 {[%emt 0:10:04]} Nc8 {[%emt 0:09:59]} 19. Na4 {[%emt 0:00:36]} Nd6 {[%emt 0:01:18]} 20. Nc5 {[%emt 0:00:38]} Re8 {[%emt 0:03:14]} 21. Ne5 {[%emt 0:00:51]} Bc8 {[%emt 0:07:28]} 22. Rbc1 {[%emt 0:09:29]} Qd8 {[%emt 0:13:56]} 23. f3 {[%emt 0:12:11]} Kh8 {[%emt 0:02:09]} 24. Rcd1 {[%emt 0:06:35]} Nd7 {[%emt 0:09:59]} 25. f4 {[%emt 0:03:28]} Nf8 {[%emt 0:00:47]} 26. g4 {[%emt 0:05:22]} Kg8 {[%emt 0:07:28]} 27. Kg2 {[%emt 0:00:31]} Rce7 {[%emt 0:01:37]} 28. Qf2 {[%emt 0:01:44]} f6 {[%emt 0:07:18]} 29. Ng6 {[%emt 0:00:43]} Nxg6 {[%emt 0:00:26]} 30. Bxg6 {[%emt 0:00:09]} Rf8 {[%emt 0:01:12]} 31. Bd3 {[%emt 0:03:27]} f5 {[%emt 0:00:39]} 32. Qg3 {[%emt 0:04:04]} Qe8 {[%emt 0:00:43]} 33. g5 {[%emt 0:00:59]} h5 {[%emt 0:00:27]} 34. Kh2 {[%emt 0:01:15]} g6 {[%emt 0:00:13]} 35. h4 {[%emt 0:02:35]} Qd8 {[%emt 0:01:16]} 36. Qg1 {[%emt 0:00:41]} Ne4 {[%emt 0:01:39]} 37. Bxe4 {[%emt 0:01:11]} fxe4 {[%emt 0:00:45]} 38. Rd2 {[%emt 0:01:08]} Qc7 {[%emt 0:00:18]} 39. Qg3 {[%emt 0:00:08]} Bf5 {[%emt 0:00:48]} 40. Na4 {[%emt 0:00:24]} Qd6 {[%emt 0:00:16]} 41. Rb2 {[%emt 0:30:22]} Rc7 {[%emt 0:31:59]} 42. Rc1 {[%emt 0:00:40]} 1/2-1/2

[Event "Nordic Chess-ch 2019"]
[Site "Sarpsborg"]
[Date "2019.06.23"]
[Round "4.11"]
[White "Tryggestad, Andreas Garberg"]
[Black "Blauhut, Holger"]
[Result "1/2-1/2"]
[WhiteElo "2324"]
[BlackElo "2041"]
[Annotator "NA"]
[PlyCount "71"]
[EventDate "2019.06.21"]
[EventType "swiss"]
[EventCountry "NOR"]
[SourceTitle "playchess.com"]
[Source "ChessBase"]
[SourceQuality "1"]
[TimeControl "40/5400+30:1800+30"]

1. d4 {[%emt 0:00:00]} d5 {[%emt 0:00:00]} 2. c4 {[%emt 0:00:00]} e6 {[%emt 0:00:00]} 3. Nf3 {[%emt 0:00:00]} Nf6 {[%emt 0:00:00]} 4. Nc3 {[%emt 0:00:00]} Be7 {[%emt 0:00:00]} 5. Bg5 {[%emt 0:00:00]} h6 {[%emt 0:00:10]} 6. Bxf6 {[%emt 0:00:00]} Bxf6 {[%emt 0:00:06]} 7. e3 {[%emt 0:00:00]} O-O {[%emt 0:00:14]} 8. Qc2 {[%emt 0:00:08]} c5 {[%emt 0:01:47]} 9. O-O-O {[%emt 0:06:06]} cxd4 {[%emt 0:04:09]} 10. Nxd4 {[%emt 0:00:13]} Nc6 {[%emt 0:03:59]} 11. Nb3 $17 {[%emt 0:16:37]} Qb6 {[%emt 0:16:57]} 12. a3 {[%emt 0:02:56]} dxc4 {[%emt 0:08:54]} 13. Bxc4 {[%emt 0:00:44]} Na5 {[%emt 0:04:23]} 14. Nxa5 {[%emt 0:04:25]} Qxa5 {[%emt 0:01:57]} 15. Ne4 {[%emt 0:01:21]} Be7 {[%emt 0:00:12]} 16. Qc3 {[%emt 0:01:11]} Qxc3+ {[%emt 0:01:37]} 17. Nxc3 {[%emt 0:00:03]} a6 {[%emt 0:00:58]} 18. a4 {[%emt 0:06:06]} Rd8 {[%emt 0:03:15]} 19. Rxd8+ {[%emt 0:00:50]} Bxd8 {[%emt 0:00:04]} 20. Rd1 {[%emt 0:00:10]} Ba5 {[%emt 0:00:25]} 21. Kc2 {[%emt 0:10:58]} Kf8 {[%emt 0:02:49]} 22. Na2 {[%emt 0:18:55]} Ke7 {[%emt 0:01:36]} 23. b4 {[%emt 0:00:08]} Bc7 {[%emt 0:00:13]} 24. Nc3 {[%emt 0:00:27]} Bd7 {[%emt 0:01:02]} 25. b5 {[%emt 0:05:18]} axb5 {[%emt 0:12:24]} 26. Bxb5 {[%emt 0:00:49]} Bxb5 {[%emt 0:00:14]} 27. Nxb5 {[%emt 0:00:03]} Rc8 {[%emt 0:00:32]} 28. Kb3 {[%emt 0:15:02]} Ba5 {[%emt 0:00:31]} 29. Na3 {[%emt 0:08:28]} Rc3+ {[%emt 0:01:06]} 30. Kb2 {[%emt 0:00:00]} Rc6 {[%emt 0:00:21]} 31. Rd3 {[%emt 0:00:10]} h5 {[%emt 0:14:04]} 32. Kb3 {[%emt 0:02:23]} Rb6+ {[%emt 0:00:47]} 33. Nb5 {[%emt 0:00:11]} Rc6 {[%emt 0:01:16]} 34. Na3 {[%emt 0:00:07]} Rb6+ {[%emt 0:00:11]} 35. Nb5 {[%emt 0:00:01]} Rc6 {[%emt 0:00:06]} 36. Na3 {[%emt 0:00:04]} 1/2-1/2

[Event "Nordic Chess-ch 2019"]
[Site "Sarpsborg"]
[Date "2019.06.23"]
[Round "4.12"]
[White "Fernandez, Juan Pablo"]
[Black "Hobber, Anders"]
[Result "0-1"]
[WhiteElo "2066"]
[BlackElo "2282"]
[Annotator "NA"]
[PlyCount "68"]
[EventDate "2019.06.21"]
[EventType "swiss"]
[EventCountry "NOR"]
[SourceTitle "playchess.com"]
[Source "ChessBase"]
[SourceQuality "1"]
[TimeControl "40/5400+30:1800+30"]

1. c4 {[%emt 0:00:00]} c6 {[%emt 0:00:00]} 2. g3 {[%emt 0:00:00]} d5 {[%emt 0:00:00]} 3. Nf3 {[%emt 0:00:04]} Nf6 {[%emt 0:00:20]} 4. Bg2 {[%emt 0:00:15]} Bg4 {[%emt 0:00:34]} 5. Ne5 {[%emt 0:00:15]} Be6 {[%emt 0:00:05]} 6. cxd5 {[%emt 0:00:30]} Bxd5 {[%emt 0:00:13]} 7. Nf3 {[%emt 0:00:08]} c5 {[%emt 0:01:11]} 8. Nc3 {[%emt 0:00:35]} Bc6 {[%emt 0:00:31]} 9. O-O {[%emt 0:00:29]} Nbd7 {[%emt 0:04:58]} 10. d3 {[%emt 0:01:42]} e6 {[%emt 0:04:43]} 11. e4 {[%emt 0:00:28]} Be7 {[%emt 0:11:25]} 12. Qe2 {[%emt 0:00:53]} O-O $14 {[%emt 0:01:35]} 13. Rd1 {[%emt 0:03:00]} e5 {[%emt 0:01:34]} 14. Nh4 {[%emt 0:12:59]} Re8 {[%emt 0:08:29]} 15. Nf5 {[%emt 0:04:32]} Nf8 {[%emt 0:06:05]} 16. Bh3 {[%emt 0:12:36]} Ne6 {[%emt 0:02:54]} 17. Nxe7+ {[%emt 0:02:45]} Qxe7 {[%emt 0:00:37]} 18. Bxe6 {[%emt 0:03:44]} Qxe6 {[%emt 0:01:26]} 19. Be3 {[%emt 0:01:44]} b6 {[%emt 0:01:15]} 20. f3 {[%emt 0:05:58]} Nd7 {[%emt 0:01:55]} 21. Qf2 {[%emt 0:01:56]} Rad8 {[%emt 0:03:00]} 22. a4 {[%emt 0:03:27]} a5 {[%emt 0:01:00]} 23. Qc2 {[%emt 0:03:30]} Nb8 {[%emt 0:10:05]} 24. Nb1 {[%emt 0:05:49]} Na6 {[%emt 0:02:20]} 25. Bd2 {[%emt 0:00:22]} Qd7 {[%emt 0:02:48]} 26. Bc3 {[%emt 0:02:52]} c4 {[%emt 0:06:18]} 27. d4 {[%emt 0:02:51]} Nc5 {[%emt 0:02:02]} 28. d5 {[%emt 0:06:18]} Bxa4 {[%emt 0:01:20]} 29. Qe2 {[%emt 0:00:42]} Bxd1 {[%emt 0:00:32]} 30. Qxd1 {[%emt 0:00:07]} Nb3 {[%emt 0:03:12]} 31. Ra3 {[%emt 0:00:53]} Qb5 {[%emt 0:01:06]} 32. f4 {[%emt 0:01:43]} Qc5+ {[%emt 0:02:11]} 33. Kg2 {[%emt 0:01:30]} Qe3 {[%emt 0:00:26]} 34. Qf3 {[%emt 0:00:36]} exf4 {[%emt 0:00:34]} 0-1

[Event "Nordic Chess-ch 2019"]
[Site "Sarpsborg"]
[Date "2019.06.23"]
[Round "4.13"]
[White "Ingebretsen, Jens E"]
[Black "Kristiansen, Rune Harald"]
[Result "1-0"]
[WhiteElo "2263"]
[BlackElo "1849"]
[Annotator "NA"]
[PlyCount "97"]
[EventDate "2019.06.21"]
[EventType "swiss"]
[EventCountry "NOR"]
[SourceTitle "playchess.com"]
[Source "ChessBase"]
[SourceQuality "1"]
[TimeControl "40/5400+30:1800+30"]

1. b3 {[%emt 0:02:01]} Nf6 {[%emt 0:00:47]} 2. Bb2 {[%emt 0:00:14]} b6 {[%emt 0:02:19]} 3. f4 {[%emt 0:01:07]} Bb7 {[%emt 0:00:35]} 4. Nf3 {[%emt 0:00:11]} e6 {[%emt 0:01:06]} 5. e3 {[%emt 0:00:25]} Be7 {[%emt 0:03:57]} 6. Be2 {[%emt 0:00:34]} d6 {[%emt 0:03:58]} 7. O-O {[%emt 0:00:22]} h6 {[%emt 0:02:09]} 8. Qe1 {[%emt 0:03:18]} Nbd7 {[%emt 0:05:23]} 9. Nc3 {[%emt 0:01:01]} c5 {[%emt 0:03:03]} 10. Nd1 {[%emt 0:00:44]} Qc7 $14 {[%emt 0:03:11]} 11. a4 {[%emt 0:03:22]} a6 {[%emt 0:01:32]} 12. Nf2 {[%emt 0:00:22]} Rg8 {[%emt 0:03:18]} 13. h3 {[%emt 0:04:09]} Nd5 {[%emt 0:11:23]} 14. Nh2 {[%emt 0:04:45]} O-O-O {[%emt 0:07:14]} 15. a5 {[%emt 0:01:34]} b5 {[%emt 0:01:08]} 16. c4 {[%emt 0:00:38]} bxc4 {[%emt 0:00:45]} 17. Bxc4 {[%emt 0:03:27]} Nb4 {[%emt 0:03:51]} 18. Qe2 {[%emt 0:01:11]} d5 {[%emt 0:06:19]} 19. Bd3 {[%emt 0:00:09]} Bf6 {[%emt 0:09:05]} 20. Bc3 {[%emt 0:01:22]} Nxd3 {[%emt 0:04:08]} 21. Nxd3 {[%emt 0:01:10]} Bxc3 {[%emt 0:03:34]} 22. dxc3 {[%emt 0:00:07]} Qc6 {[%emt 0:04:36]} 23. Nf3 {[%emt 0:00:40]} f6 {[%emt 0:00:55]} 24. Rfb1 {[%emt 0:03:03]} Rde8 {[%emt 0:08:36]} 25. b4 {[%emt 0:01:47]} c4 {[%emt 0:00:19]} 26. b5 {[%emt 0:01:37]} axb5 {[%emt 0:02:32]} 27. Nb4 {[%emt 0:00:05]} Qc5 {[%emt 0:02:01]} 28. a6 {[%emt 0:01:28]} Ba8 {[%emt 0:00:10]} 29. Nc2 {[%emt 0:01:11]} e5 {[%emt 0:00:55]} 30. f5 {[%emt 0:01:23]} Kc7 {[%emt 0:03:40]} 31. Ra5 {[%emt 0:02:22]} Rb8 {[%emt 0:02:04]} 32. a7 {[%emt 0:05:30]} Rb7 {[%emt 0:00:17]} 33. Na3 {[%emt 0:00:48]} Kd8 {[%emt 0:00:35]} 34. Nxb5 {[%emt 0:02:17]} Qb6 {[%emt 0:00:12]} 35. Raa1 {[%emt 0:02:31]} Qc5 {[%emt 0:00:29]} 36. Ra5 {[%emt 0:03:03]} Qb6 {[%emt 0:00:25]} 37. Ra2 {[%emt 0:05:51]} Nc5 {[%emt 0:01:10]} 38. Qd2 {[%emt 0:02:06]} Nd3 {[%emt 0:00:24]} 39. Ne1 {[%emt 0:01:18]} Qc5 {[%emt 0:00:35]} 40. Nxd3 {[%emt 0:00:45]} cxd3 {[%emt 0:00:12]} 41. Qxd3 {[%emt 0:30:48]} Ke7 {[%emt 0:08:19]} 42. Rab2 {[%emt 0:00:00]} Rd8 {[%emt 0:03:34]} 43. Kh1 {[%emt 0:00:00]} Rdd7 {[%emt 0:02:32]} 44. Rb4 {[%emt 0:00:00]} Qc6 {[%emt 0:01:10]} 45. Qe2 {[%emt 0:00:00]} Rxb5 {[%emt 0:15:21]} 46. Rxb5 {[%emt 0:00:00]} Rxa7 {[%emt 0:00:40]} 47. Qg4 {[%emt 0:00:00]} g5 {[%emt 0:02:14]} 48. fxg6 {[%emt 0:00:00]} Ra1 {[%emt 0:00:35]} 49. Rxa1 {[%emt 0:00:00]} 1-0